| 000 | 00712cab a2200229 4500 | ||
|---|---|---|---|
| 001 | ABS41527 | ||
| 008 | 090401t1989 xxu||||| |||| 00| 0 eng d | ||
| 035 | _a(Sirsi) u30754 | ||
| 041 | _aeng | ||
| 100 | _aRoskrow, B. | ||
| 245 | 4 | _aThe view from Cannon Street | |
| 260 | _c1989 | ||
| 350 | _a0 | ||
| 490 |
_aConstruction News _v(6135) 26 October 1989, 18-19(2) |
||
| 520 | _aReports on the office development under construction above Cannon Street station, and how the problems of working on the twelve-arch site, are being overcome. | ||
| 650 | _aAIR RIGHTS | ||
| 650 | _aBOVIS | ||
| 650 | _aRAILWAY STATIONS | ||
| 690 | _aBUILDING AND CONSTRUCTION-PROJECTS | ||
| 942 | _n0 | ||
| 948 | _c04/03/1997 | ||
| 999 |
_c20728 _d20728 |
||